| 000 | 02174nam0a2200373 4500 | ||
|---|---|---|---|
| 001 | RU\NLR\BIBL_A\022721888 | ||
| 005 | 20260503054725.0 | ||
| 010 |
_a978-5-6054731-7-6 _9700 |
||
| 021 |
_aRU _bКН-П-25-078942 _9КН-П-25-7650 |
||
| 035 | _a(NLR Aleph) 022721888 | ||
| 090 |
_a13696547 _c13696547 |
||
| 100 | _a20260206d2025 u y0rusy50 ca | ||
| 101 | 0 | _arus | |
| 102 | _aRU | ||
| 105 | _aac z 000ay | ||
| 181 | 0 |
_ai3 _baxxe |
|
| 182 | 0 | _an | |
| 200 | 1 |
_aБлаговещенский мост _eповести и рассказы _fВалерий Бродовский _g[художники: Л. Петросян, Д. Петросян] |
|
| 203 |
_aТекст _bвизуальный _cнепосредственный |
||
| 210 |
_aКемерово _cВектор-Принт _d2025 |
||
| 215 |
_a295 с. _cил., портр. _d21 |
||
| 300 | _aНа 4-й с. обл. авт.: Валерий Бродовский (Валериян Давидович Петросян) - врач | ||
| 320 | _aДр. кн. авт. на 4-й с. обл. | ||
| 327 | 0 | _aСодерж.: А музыка хрустальная...; Виталька; Цветок лотоса; Закованный в горах; Невидимые люди; Улыбка незабудки; Благовещенский мост; Тень прошлого; Визит знаменитости; Любовь - состояние живительное [и др.] | |
| 686 | 2 | _aШ6(2=Р)8-44 | |
| 700 | 1 |
_7ca _8rus _aБродовский _bВ. _f1964- _gВалерий _9264122 _3RU\NLR\AUTH\770264178 |
|
| 702 | 1 |
_4040 _aЧемсо-Петросян _bЛ. В. _f1969- _gЛюдмила Викторовна _9129317 _3RU\NLR\AUTH\770129348 |
|
| 702 | 1 |
_aПетросян _bД. В. _gДавид Валериянович _4040 |
|
| 942 | _cBOOK | ||
| 980 | _aNB | ||